000 00518cab a2200205 4500
001 X239
008 090401t1992 xxu||||| |||| 00| 0 eng d
035 _a(Sirsi) u97677
041 _aeng
100 _aConlin, J.M.
245 _aLet the lion roar
260 _c1992
350 _a0
490 _aCSM (Chartered Surveyor Monthly)
_v2(3) November 1992, 3(1)
650 _aLOGOS
650 _aPUBLIC IMAGE
690 _aMANAGEMENT-BUSINESS MANAGEMENT-PROFESSIONAL PRACTICE
942 _n0
948 _c04/03/1997
999 _c59637
_d59637